Name The Act - Statistics

General Stats
  • This quiz has been taken 24 times
  • The average score is 5 of 10
Answer Stats
Hint Answer % Correct
Rock Me Amadeus - 1985 Falco
88%
You're My Best Friend - 1976 Queen
81%
Together Forever - 1988 Rick Astley
75%
With A Little Luck - 1978 Wings
63%
Tarzan Boy - 1985 Baltimora
50%
Step Inside Love - 1968 Cilla Black
31%
I Only Have Eyes For You - 1975 Art Garfunkel
25%
Only You Can - 1974 Fox
19%
This Womans Work - 1989 Kate Bush
19%
I Turn To You - 1999 Melanie C
13%
No matching quizzes found
Score Distribution
Percent of People with Each Score
Percentile by Number Answered
Your Score History
You have not taken this quiz